000 00355 a2200157 4500
001 189064
020 _a978-85-910393-2-6
040 _cMagnum
100 _aSantos, José Marcelo Dos
240 1 0 _aTá se achando, garota?
_lpor
245 1 0 _aTá se achando, garota?
300 _a116
362 0 _a2010
697 _aLITERATURA JUVENIL
942 _cBK
999 _c189064
_d189064